000
00312nam a2200133Ia 4500
008
231129s1988||||xx |||||||||||||| ||spa||
040
_b
spa
082
_a
(i) 986.1654 V422g
100
_a
Vega Chacon Nelson
245
0
_a
Guaviare: corazon de Colombia
260
_c
1988
264
_a
s.n.
942
_2
ddc
_c
BKS
999
_c
14679
_d
14679